00473nam a2200109 a 450000500170000000800410001705000250005810000200008324501900010326000430029330000270033620140310183627.0030415s19uu xx 00 eng d a HF 5011b.B972 1962 aEdward C. Bursk aThe World of Business :bA selected library of the literature of businesss from the accounting code of Hamurabi to the 20th century " administrator's prayer" /cEdward C. Bursk, editor. aNew York :bSimon and Schuster,c1962. a673 pbillus.;c23 cm.